| 000 | 07397nam a22006257a 4500 | ||
|---|---|---|---|
| 005 | 20080822120125.0 | ||
| 008 | 080822t xxu||||| |||| 00| 0 eng d | ||
| 010 | _aB-284571 | ||
| 020 |
_a8170142091 _c275.00 |
||
| 035 | _aB-284571 | ||
| 037 | _aSultan Chand | ||
| 040 |
_aDPL _bENG |
||
| 082 | _a658.1511 | ||
| 100 | _aHingorani, N.L. | ||
| 245 |
_aManagement accounting: _bincluding elements of financial management / _cby N.L.Hingorani [and] A.R.Ramanathan;edited by T.S.Grewal |
||
| 250 | _a5th thoroughly rev. & enl. ed. | ||
| 260 |
_aNew Delhi _bSultan Chand & Sons _c2007(repr.) |
||
| 300 |
_a868p. _b24cm. |
||
| 500 | _aincludes index | ||
| 700 | _aRamanathan, A.R. | ||
| 942 |
_2ddc _cEN _h658.1511 _mHIN |
||
| 999 |
_c14975 _d14975 |
||